| 000 | 00524nam a2200217Ia 4500 | ||
|---|---|---|---|
| 003 | 0100 | ||
| 008 | 130303s9999 xx 000 0 und d | ||
| 020 | _a0070596549 | ||
| 040 | _cARRUPELIB | ||
| 050 | _aBJ1012.S57 1984 | ||
| 100 | _aSolomon, Robert C | ||
| 245 | _aMorality and the good life | ||
| 245 | _ban introduction to ethics through classical sources | ||
| 260 | _aNew York | ||
| 260 | _bMcGraw-Hill | ||
| 260 | _C1984 | ||
| 300 | _axvii | ||
| 300 | _b 410p. 24cm. | ||
| 650 | _aETHICS | ||
| 942 | 0 | 0 | _05 |
| 999 |
_c24030 _d24030 |
||